Something to crow about : (Record no. 43060)

MARC details
000 -LEADER
fixed length control field 00788cam a2200193 i 4500
001 - CONTROL NUMBER
control field vtls003028906
003 - CONTROL NUMBER IDENTIFIER
control field MY-SjTCS
005 - DATE AND TIME OF LATEST TRANSACTION
control field 20200306163533.0
008 - FIXED-LENGTH DATA ELEMENTS--GENERAL INFORMATION
fixed length control field 060622s1996 dcu d 000 0 eng d
039 #9 - LEVEL OF BIBLIOGRAPHIC CONTROL AND CODING DETAIL [OBSOLETE]
Level of rules in bibliographic description 201604040943
Level of effort used to assign nonsubject heading access points shuhada
Level of effort used to assign subject headings 200607121829
Level of effort used to assign classification norpishah
-- 200606221251
-- meena
082 ## - DEWEY DECIMAL CLASSIFICATION NUMBER
Classification number 413.1
Item number SOM
245 00 - TITLE STATEMENT
Title Something to crow about :
Remainder of title a concise collection of Americal English idioms for everyday use /
Statement of responsibility, etc. [Shelley Vance Laflin]
260 ## - PUBLICATION, DISTRIBUTION, ETC.
Place of publication, distribution, etc. Washington :
Name of publisher, distributor, etc. Materials Development and Review Branch,
Date of publication, distribution, etc. 1996.
300 ## - PHYSICAL DESCRIPTION
Extent v, 94 p. ;
Dimensions 23 cm.
650 #0 - SUBJECT ADDED ENTRY--TOPICAL TERM
Topical term or geographic name entry element English language
General subdivision Idioms
Form subdivision Dictionaries.
9 (RLIN) 16948
650 #0 - SUBJECT ADDED ENTRY--TOPICAL TERM
Topical term or geographic name entry element English language
General subdivision Usage.
9 (RLIN) 4757
700 1# - ADDED ENTRY--PERSONAL NAME
Personal name Laflin, Shelley Vance.
9 (RLIN) 235246
920 ## - Programme
Programme LAC : LC1350. This item is reserved for lecturers of the Language Centre
Holdings
Withdrawn status Lost status Source of classification or shelving scheme Damaged status Not for loan Home library Current library Date acquired Total Checkouts Barcode Date last seen Date last checked out Copy number Uniform Resource Identifier Koha item type Public note
    Dewey Decimal Classification     Taylor's Library-TU Taylor's Library-TU 23/02/2009   5000057196 05/12/2019 20/04/2010 1 Floor 4, Shelf 12 , Side 2, TierNo 4, BayNo 3 Main Collection SLASx,13004,01,GR